00352 a2200133 4500001000700000020001800007040001100025100001500036240006500051245006000116300000800176362000900184440002500193191667 a85-7164-736-4 cMagnum aNunes, Max10aO pescoço da girafa: pílulas de humor por max nuneslpor10aO pescoço da girafa: pílulas de humor por max nunes a1190 a1997 1aCompanhia das Letras